Governing America : (Record no. 17070)
[ view plain ]
| 000 -LEADER | |
|---|---|
| fixed length control field | 00662cam a22001934a 4500 |
| 001 - CONTROL NUMBER | |
| control field | 13051872 |
| 005 - DATE AND TIME OF LATEST TRANSACTION | |
| control field | 20121010113554.0 |
| 008 - FIXED-LENGTH DATA ELEMENTS--GENERAL INFORMATION | |
| fixed length control field | 030108s2003 enk b 001 0 eng |
| 020 ## - INTERNATIONAL STANDARD BOOK NUMBER | |
| International Standard Book Number | 0199250499 |
| 082 00 - DEWEY DECIMAL CLASSIFICATION NUMBER | |
| Classification number | 320.973 |
| Edition number | 21 |
| Item number | GOV |
| 245 00 - TITLE STATEMENT | |
| Title | Governing America : |
| Remainder of title | the Politics of a Divided Democracy / |
| Statement of responsibility, etc | edited by Robert Singh. |
| 260 ## - PUBLICATION, DISTRIBUTION, ETC. (IMPRINT) | |
| Place of publication, distribution, etc | Oxford ; |
| -- | New York : |
| Name of publisher, distributor, etc | Oxford University Press, |
| Date of publication, distribution, etc | 2003. |
| 300 ## - PHYSICAL DESCRIPTION | |
| Extent | xxvi, 529 p. ; |
| Dimensions | 25 cm. |
| 504 ## - BIBLIOGRAPHY, ETC. NOTE | |
| Bibliography, etc | Includes bibliographical references (p. [480]-494) and index. |
| 651 #0 - SUBJECT ADDED ENTRY--GEOGRAPHIC NAME | |
| Geographic name | United States |
| General subdivision | Politics and government. |
| 9 (RLIN) | 31103 |
| 653 ## - INDEX TERM--UNCONTROLLED | |
| Resource For college | |
| Arrived date list | October2012 |
| 700 1# - ADDED ENTRY--PERSONAL NAME | |
| Personal name | Singh, Robert. |
| 9 (RLIN) | 3841 |
| 942 ## - ADDED ENTRY ELEMENTS (KOHA) | |
| Source of classification or shelving scheme | Dewey Decimal Classification |
| Item type | Book - Borrowing |
| Withdrawn status | Item status | Source of classification or shelving scheme | Damaged status | Not for loan | Vendor | Home library | Current library | Shelving location | Date acquired | Source of acquisition | Total Checkouts | Total Renewals | Full call number | Barcode | Date last seen | Date last borrowed | Koha item type |
|---|---|---|---|---|---|---|---|---|---|---|---|---|---|---|---|---|---|
| Dewey Decimal Classification | Central Library | Central Library | First floor | 10/10/2012 | Donation | 3 | 65 | 320.973 GOV | 000027639 | 15/07/2025 | 07/02/2023 | Book - Borrowing |